Southville International School and Colleges
Your cart is empty.
  • Cart
  • Lists
    Public lists Eva Luna New books Lux_list list_1
    Your lists Log in to create your own lists
  • Log in to your account
  • Your cookies
  • Search history
Southville International School and Colleges
  • Advanced search
  • Recent comments
  • Most popular
  • Libraries

Log in to your account

Log in with GOOGLE


If you do not have an external account, but do have a local account, you can still log in:

  1. Home
  2. MARC view: The talisman /
Normal view MARC view ISBD view

The talisman / (Record no. 11588)

[ view plain ]
MARC details
000 -LEADER
fixed length control field 01781nam a22003495a 4500
001 - CONTROL NUMBER
control field 13134178
003 - CONTROL NUMBER IDENTIFIER
control field LC
005 - DATE AND TIME OF LATEST TRANSACTION
control field 20160308153721.0
008 - FIXED-LENGTH DATA ELEMENTS--GENERAL INFORMATION
fixed length control field 030321s2003 nhu 000 0 eng
010 ## - LIBRARY OF CONGRESS CONTROL NUMBER
LC control number 2003104356
020 ## - INTERNATIONAL STANDARD BOOK NUMBER
International Standard Book Number 1880418533
020 ## - INTERNATIONAL STANDARD BOOK NUMBER
International Standard Book Number 9780670691999
035 ## - SYSTEM CONTROL NUMBER
System control number (DLC) 2003104356
040 ## - CATALOGING SOURCE
Original cataloging agency DLC
Transcribing agency DLC
042 ## - AUTHENTICATION CODE
Authentication code pcc
050 ## - LIBRARY OF CONGRESS CALL NUMBER
Classification number PS 3561.I483
Item number .K52 1984
082 ## - DEWEY DECIMAL CLASSIFICATION NUMBER
Classification number FIC K58t
Item number 1984
100 1# - MAIN ENTRY--PERSONAL NAME
Personal name King, Stephen.
9 (RLIN) 19035
245 14 - TITLE STATEMENT
Title The talisman /
Statement of responsibility, etc Stephen King, Peter Straub.
250 ## - EDITION STATEMENT
Edition statement 1st ed.
260 ## - PUBLICATION, DISTRIBUTION, ETC. (IMPRINT)
Place of publication, distribution, etc Hampton Falls, NH :
Name of publisher, distributor, etc Donald M. Grant, Publisher,
Date of publication, distribution, etc 2003.
263 ## - PROJECTED PUBLICATION DATE
Projected publication date 0306
300 ## - PHYSICAL DESCRIPTION
Extent 644 p. :
Dimensions 24 cm.
520 ## - SUMMARY, ETC.
Summary, etc On a brisk autumn day, a thirteen-year-old boy stands on the shores of the gray Atlantic, near a silent amusement park and a fading ocean resort called the Alhambra. The past has driven Jack Sawyer here: his father is gone, his mother is dying, and the world no longer makes sense. But for Jack everything is about to change. For he has been chosen to make a journey back across Americaand into another realm. One of the most influential and heralded works of fantasy ever written, The Talisman is an extraordinary novel of loyalty, awakening, terror, and mystery. Jack Sawyer, on a desperate quest to save his mother's life, must search for a prize across an epic landscape of innocents and monsters, of incredible dangers and even more incredible truths. The prize is essential, but the journey means even more. Let the quest begin. . . .
650 ## - SUBJECT ADDED ENTRY--TOPICAL TERM
Topical term or geographic name as entry element Quests (Expeditions) -- Fiction.
650 ## - SUBJECT ADDED ENTRY--TOPICAL TERM
Topical term or geographic name as entry element Mothers and sons -- Fiction.
650 ## - SUBJECT ADDED ENTRY--TOPICAL TERM
Topical term or geographic name as entry element Talismans -- Fiction.
906 ## - LOCAL DATA ELEMENT F, LDF (RLIN)
a 0
b ibc
c orignew
d 2
e epcn
f 20
g y-gencatlg
942 ## - ADDED ENTRY ELEMENTS (KOHA)
Source of classification or shelving scheme Library of Congress Classification
Koha item type Books
Holdings
Withdrawn status Lost status Source of classification or shelving scheme Damaged status Home library Current library Shelving location Date acquired Total Checkouts Total Renewals Full call number Barcode Date last seen Date checked out Copy number Price effective from Koha item type
    Library of Congress Classification   Luxembourg Library Luxembourg Library Fiction Section 09/17/2013 2 2 PS 3561.I483 .K52 1984 7210 02/28/2020 02/18/2020 1 09/17/2013 Books

The talisman /

APA

King S., . (2003). The talisman. Hampton Falls, NH: Donald M. Grant, Publisher.

Chicago

King Stephen, . 2003. The talisman. Hampton Falls, NH: Donald M. Grant, Publisher.

Harvard

King S., . (2003). The talisman. Hampton Falls, NH: Donald M. Grant, Publisher.

MLA

King Stephen, . The talisman. Hampton Falls, NH: Donald M. Grant, Publisher. 2003.

  • Place hold
  • Print
  • Cite
  • Add to your cart (remove)
  • Save record
    BIBTEX Dublin Core MARCXML MARC (non-Unicode/MARC-8) MARC (Unicode/UTF-8) MARC (Unicode/UTF-8, Standard) MODS (XML) RIS
  • More searches
    Search for this title in:
    Other Libraries (WorldCat) Other Databases (Google Scholar) Online Stores (Bookfinder.com) Open Library (openlibrary.org)

Exporting to Dublin Core...

SOUTHVILLE LIBRARY

Southville International School and Colleges Library

1281 Tropical Ave. Cor. Luxembourg St., BF Homes International, Las Pinas City

Tel. No. 8256374 / 252358 Loc. 117/146

Powered by Koha